| 000 | 00343 a2200133 4500 | ||
|---|---|---|---|
| 005 | 20250701075425.0 | ||
| 020 | _a1-55013-891-X | ||
| 082 | _a332.024'01 DEL. | ||
| 111 | _aDELOITE & TOUCHE. | ||
| 245 | _aRETIREMENT PLANNING, | ||
| 260 |
_aOttawa, _bKey Porter Books, _c1998. |
||
| 300 |
_a336p.; Ill.; picture _bIndex, _c27cm. |
||
| 942 |
_2ddc _cBKS |
||
| 999 |
_c6487 _d6487 |
||